The Brinkman community : history of the pioneer town and community, 1890-1999 /

Bibliographic Details
Corporate Author: Brinkman History Committee
Other Authors: Kirby, Kennith
Format: Book
Language:English
Published: Weatherford, OK : Schoonmaker Publishers, [2000]
Subjects:

MARC

Tag First Indicator Second Indicator Subfields
LEADER 00000cam a2200000Ia 4500
001 in00001763721
005 20190207100632.0
008 010626s2000 okuabc b 001 0deng d
035 |a (OCoLC)ocm47198984 
040 |a OKX  |c OKX  |d DPL  |d TXA  |d UtOrBLW 
043 |a n-us-ok 
049 |a TXAM 
090 |a F704.B75  |b B75 2000 
092 0 |a 976.6/443  |2 21 
245 0 4 |a The Brinkman community :  |b history of the pioneer town and community, 1890-1999 /  |c by the Brinkman History Committee ; edited by Kennith Kirby [and others]. 
264 1 |a Weatherford, OK :  |b Schoonmaker Publishers,  |c [2000] 
264 4 |c ©2000 
300 |a 423 pages :  |b illustrations, maps, portraits ;  |c 28 cm. 
336 |a text  |b txt  |2 rdacontent 
337 |a unmediated  |b n  |2 rdamedia 
338 |a volume  |b nc  |2 rdacarrier 
500 |a The Cushing Library/Chapman Texas Collection copy is part of the Floyd & Louise Chapman Texas & Borderlands Collection.  |5 TXA 
500 |a Addendum laid in. 
500 |a Maps on lining papers. 
504 |a Includes bibliographical references (page 408) and index. 
651 0 |a Brinkman (Okla.)  |x History. 
651 0 |a Brinkman (Okla.)  |v Biography. 
651 0 |a Brinkman (Okla.)  |v Genealogy. 
651 0 |a Greer County (Okla.)  |v Biography. 
651 0 |a Greer County (Okla.)  |v Genealogy. 
710 2 |a Brinkman History Committee. 
700 1 |a Kirby, Kennith. 
994 |a E0  |b TXA 
948 |a cataloged  |b h  |c 2003/7/7  |d c  |e mzajicek  |f 2:53:47 pm 
999 |a MARS 
999 f f |s 50612912-18f3-3d77-b1aa-51130a7d1f11  |i 5de31d04-8b4d-3971-9e88-add11d860ad1  |t 0 
952 f f |p noncirc  |a Texas A&M University  |b College Station  |c Cushing Memorial Library & Archives  |d Cushing: Chapman Texas Collection (Does not check out)  |t 0  |e F704.B75 B75 2000  |h Library of Congress classification  |i unmediated -- volume 
998 f f |a F704.B75 B75 2000  |t 0  |l Cushing: Chapman Texas Collection (Does not check out)